Scrambled Words Ending in “S” - Statistics

General Stats
  • This quiz has been taken 35 times
  • The average score is 30 of 36
Answer Stats
Hint Answer % Correct
saCsl Class
100%
sroCs Cross
100%
Grsos Gross
100%
ustatS Status
100%
cesSsuc Success
100%
scAsce Access
97%
sdArsed Address
97%
yswaAl Always
97%
aBiss Basis
97%
irCsis Crisis
97%
sFouc Focus
97%
sersP Press
97%
ePrcoss Process
97%
ioRculidus Ridiculous
97%
sniuesBs Business
94%
sumaoF Famous
90%
iuosrSe Serious
90%
soipuicsuS Suspicious
90%
ssiylaAn Analysis
87%
servioPu Previous
84%
srsPreog Progress
84%
lseUsn Unless
84%
Nuermsou Numerous
81%
senrgDaou Dangerous
77%
ypieoHtshs Hypothesis
77%
iDisagons Diagnosis
74%
miassEhp Emphasis
74%
Vsioaru Various
74%
uncooissC Conscious
71%
mreTdseuon Tremendous
71%
otnnsCiouu Continuous
58%
Pprhesa Perhaps
58%
esiRiougl Religious
58%
boumtisAi Ambitious
48%
nCesssonu Consensus
48%
dseegRarsl Regardless
42%
No matching quizzes found
Score Distribution
Percent of People with Each Score
Percentile by Number Answered
Your Score History
You have not taken this quiz